[Event "COL pre olympic sf2"]
[Site "Palmira"]
[Date "2019.06.02"]
[Round "9"]
[White "Arboleda, Hugo Gerardo"]
[Black "Valenzuela, Juan Camilo"]
[Result "1/2-1/2"]
[WhiteElo "1642"]
[BlackElo "1665"]
[PlyCount "60"]
[EventDate "2019.05.29"]
[EventType "swiss"]
[EventRounds "10"]
[EventCountry "COL"]
[SourceTitle "CBM 190 Extra"]
[Source "ChessBase"]
[SourceDate "2019.07.15"]
[SourceVersion "1"]
[SourceVersionDate "2019.07.15"]
[SourceQuality "1"]

1. e4 g6 2. Nf3 Bg7 3. d4 d6 4. Bg5 Nf6 5. Nc3 c6 6. Qd2 Nbd7 7. Bc4 Qa5 8. 0-0 0-0 9. a3 e5 10. b4 Qc7 11. Bb3 Rd8 12. Bh6 Nf8 13. Bxg7 Kxg7 14. Rad1 Bg4 15. Qe3 exd4 16. Rxd4 Be6 17. Rfd1 Bxb3 18. cxb3 Ne6 19. R4d2 Ng4 20. Qe1 Qe7 21. h3 Ne5 22. Qe3 f6 23. Nd4 Nxd4 24. Rxd4 Nf7 25. f4 d5 26. Qf3 dxe4 27. Rxe4 Rxd1+ 28. Nxd1 Qd7 29. Nf2 Rd8 30. Qe2 Qd5 1/2-1/2

[Event "COL pre olympic sf2"]
[Site "Palmira"]
[Date "2019.06.01"]
[Round "6"]
[White "Guzman Mellado, Arcadio"]
[Black "Arboleda, Hugo Gerardo"]
[Result "1-0"]
[WhiteElo "1906"]
[BlackElo "1642"]
[PlyCount "96"]
[EventDate "2019.05.29"]
[EventType "swiss"]
[EventRounds "10"]
[EventCountry "COL"]
[SourceTitle "CBM 190 Extra"]
[Source "ChessBase"]
[SourceDate "2019.07.15"]
[SourceVersion "1"]
[SourceVersionDate "2019.07.15"]
[SourceQuality "1"]

1. e4 e5 2. Nf3 Nc6 3. Bb5 Nf6 4. 0-0 d6 5. c3 Be7 6. Re1 Bg4 7. d3 0-0 8. Nbd2 a6 9. Ba4 b5 10. Bb3 Na5 11. Bc2 c5 12. h3 Bh5 13. Nf1 Rb8 14. Ng3 Bg6 15. Nh4 Nc6 16. Nxg6 fxg6 17. Be3 Qc7 18. Rc1 Rbd8 19. d4 Kh8 20. d5 Nb8 21. Rf1 Ng8 22. Qd2 Bf6 23. Ne2 Rf7 24. b3 Rdf8 25. c4 b4 26. Ra1 a5 27. a3 Qd8 28. axb4 axb4 29. Nc1 Rb7 30. Nd3 Qe8 31. Bd1 h6 32. Bg4 Kh7 33. Ra8 Qe7 34. Rfa1 h5 35. Be6 Nh6 36. R1a2 Nf7 37. Bxf7 Rxf7 38. Ne1 Qf8 39. Nf3 Rfd7 40. Ng5+ Bxg5 41. Bxg5 Qf7 42. Qe2 Ra7 43. Rxb8 Ra3 44. Rxa3 bxa3 45. Ra8 Ra7 46. Rxa7 Qxa7 47. Qa2 Qa5 48. Bd2 Qa6 1-0

[Event "COL pre olympic sf2"]
[Site "Palmira"]
[Date "2019.05.29"]
[Round "1"]
[White "Arboleda, Hugo Gerardo"]
[Black "Jaramillo, Carlos Orlando"]
[Result "0-1"]
[WhiteElo "1642"]
[BlackElo "1952"]
[PlyCount "91"]
[EventDate "2019.05.29"]
[EventType "swiss"]
[EventRounds "10"]
[EventCountry "COL"]
[SourceTitle "CBM 190 Extra"]
[Source "ChessBase"]
[SourceDate "2019.07.15"]
[SourceVersion "1"]
[SourceVersionDate "2019.07.15"]
[SourceQuality "1"]

1. e4 Nc6 2. d4 d5 3. e5 f6 4. f4 Nh6 5. Nf3 Bg4 6. c3 e6 7. Bb5 a6 8. Bxc6+ bxc6 9. 0-0 c5 10. Be3 cxd4 11. cxd4 Be7 12. Qa4+ Qd7 13. Qxd7+ Kxd7 14. Nc3 Rab8 15. b3 Nf5 16. Nd1 Rhc8 17. h3 Bh5 18. Rc1 c5 19. g4 Nxe3 20. Nxe3 Bf7 21. Kg2 cxd4 22. Nxd4 Ba3 23. Rcd1 Rc3 24. Nc4 Bc5 25. Na5 Bb4 26. Nac6 Rxc6 27. Nxc6 Kxc6 28. Rf2 Rb5 29. exf6 gxf6 30. h4 a5 31. f5 e5 32. g5 Be7 33. Kg3 fxg5 34. f6 gxh4+ 35. Kxh4 Bf8 36. Kg5 e4 37. Kf5 e3 38. Rh2 d4+ 39. Kg4 h5+ 40. Kf3 Rf5+ 41. Ke4 Bg6 42. Rg2 Rg5+ 43. Kf3 Be4+ 44. Kxe4 Rxg2 45. Rxd4 Rg4+ 46. Kxe3 0-1